Современные проблемы международного контроля над специальными научно-техническими исследованиями в области ядерных технологий; Полярное сияние - 2007. Ядерное будущее: безопасность, экономика и право

Bibliographic Details
Parent link:Полярное сияние - 2007. Ядерное будущее: безопасность, экономика и право.— 2007.— С. 475-476
Main Author: Шариков Д. А. Дмитрий Алексеевич
Language:Russian
Published: 2007
Subjects:
Format: Book Chapter
KOHA link:https://koha.lib.tpu.ru/cgi-bin/koha/opac-detail.pl?biblionumber=137102

MARC

LEADER 00000naa2a2200000 4500
001 137102
005 20231031140913.0
035 |a (RuTPU)RU\TPU\book\148592 
090 |a 137102 
100 |a 20080505d2007 k y0rusy50 ca 
101 0 |a rus 
102 |a RU 
200 1 |a Современные проблемы международного контроля над специальными научно-техническими исследованиями в области ядерных технологий  |f Д. А. Шариков 
320 |a Библиогр.: 11 назв. 
463 0 |0 (RuTPU)RU\TPU\book\140505  |y 9785-7262-0759-9  |t Полярное сияние - 2007. Ядерное будущее: безопасность, экономика и право  |o сборник тезисов докладов X Международной молодежной научной конференции, 29 января - 3 февраля 2007 г., Санкт-Петербург  |f Московский инженерно-физический институт  |v С. 475-476  |d 2007  |p 484 с. 
610 1 |a ядерные технологии 
610 1 |a научные исследования 
610 1 |a контроль 
610 1 |a международный контроль 
610 1 |a атомная энергия 
610 1 |a ядерные материалы 
610 1 |a учёт 
610 1 |a МАГАТЭ 
610 1 |a труды учёных ТПУ 
700 1 |a Шариков  |b Д. А.  |c физик-ядерщик  |c аспирант Томского политехнического университета  |f 1986-  |g Дмитрий Алексеевич  |2 stltpush  |3 (RuTPU)RU\TPU\pers\30032 
801 1 |a RU  |b 63413507  |c 20080505  |g PSBO 
801 2 |a RU  |b 63413507  |c 20121003  |g RCR 
942 |c BK